header

PMP in depth (Record no. 190206)

MARC details
000 -LEADER
fixed length control field 01416nam a2200313Ia 4500
100 1# - MAIN ENTRY--AUTHOR NAME
Personal name Sanghera, Paul.
245 10 - TITLE STATEMENT
Title PMP in depth
260 ## - PUBLICATION, DISTRIBUTION, ETC. (IMPRINT)
Place of publication Boston :
Name of publisher Thomson Course Technology,
Year of publication 2006.
300 ## - PHYSICAL DESCRIPTION
Number of Pages xix, 393 p. :
Other physical details ill.
500 ## - GENERAL NOTE
General note "Based on the 3rd ed. of the PMBOK guide"--Frontcover.
General note Includes index.
650 #0 - SUBJECT ADDED ENTRY--TOPICAL TERM
Topical Term Project management
Topical Term Project management
856 40 - ELECTRONIC LOCATION AND ACCESS
Uniform Resource Identifier http://site.ebrary.com/lib/rucke/Doc?id=10146622

No items available.

© 2026 Rongo University
Contact us: librarian | system librarian | Rongo university